| 000 | 00555nam a22002057a 4500 | ||
|---|---|---|---|
| 003 | OSt | ||
| 005 | 20260310115035.0 | ||
| 008 | 250615b |||||||| |||| 00| 0 eng d | ||
| 020 | _a0132963930 | ||
| 040 | _cOutspan Global University | ||
| 050 |
_aHD30 _b.J64 1988 |
||
| 100 |
_dJohnson Gerry _eAuthor |
||
| 245 |
_aExploring Corporate Strategy _cby Gerry Johnson |
||
| 250 | _a2nd ed | ||
| 260 |
_aGreat Britain: _bUniversity Press, Cambridge, _cc1988. |
||
| 300 | _a331p | ||
| 650 | _aCorporate | ||
| 700 |
_aKevan Scholes _eAuthor |
||
| 942 |
_2lcc _cBK _n0 |
||
| 999 |
_c715 _d715 |
||